书目信息 |
| 题名: |
中国古代哲学与传统文化
|
|
| 作者: | 韩敬 著 | |
| 分册: | ||
| 出版信息: | 北京 北京图书馆出版社 2007 |
|
| 页数: | 332页 | |
| 开本: | 21cm | |
| 丛书名: | ||
| 单 册: | ||
| 中图分类: | B215 , K203-53 | |
| 科图分类: | ||
| 主题词: | 古典哲学--中国--文集 , 传统文化--中国--文集 , 古典哲学 , 传统文化 | |
| 电子资源: | ||
| ISBN: | 978-7-5013-2752-2 | |
| 000 | 00878nam0 2200265 450 | |
| 001 | 1531089821 | |
| 005 | 20151111110451.14 | |
| 010 | @a978-7-5013-2752-2@dCNY22.00 | |
| 100 | @a20080102d2007 em y0chiy50 ea | |
| 101 | 0 | @achi |
| 102 | @aCN@b110000 | |
| 105 | @ay z 000yy | |
| 200 | 1 | @a中国古代哲学与传统文化@9zhong guo gu dai zhe xue yu chuan tong wen hua@f韩敬著 |
| 210 | @a北京@c北京图书馆出版社@d2007 | |
| 215 | @a332页@d21cm | |
| 330 | @a本书收录了《思想遗产研究的两个理论问题和关于孔子思想的评价问题》、《我看儒家思想的历史作用》、《西汉时期学术思想发展概述》、《中华民族精神刍议》等文章。 | |
| 606 | 0 | @a古典哲学@y中国@j文集 |
| 606 | 0 | @a传统文化@y中国@j文集 |
| 606 | 0 | @a古典哲学 |
| 606 | 0 | @a传统文化 |
| 690 | @aB215@v5 | |
| 690 | @aK203-53@v5 | |
| 701 | 0 | @a韩敬@9han jing@f(1935~)@4著 |
| 801 | 0 | @aCN@bTSSF@c20150121 |
| 905 | @aZUCC@dB215@eJY253 | |
| 中国古代哲学与传统文化/韩敬著.-北京:北京图书馆出版社,2007 |
| 332页;21cm |
| ISBN 978-7-5013-2752-2:CNY22.00 |
| 本书收录了《思想遗产研究的两个理论问题和关于孔子思想的评价问题》、《我看儒家思想的历史作用》、《西汉时期学术思想发展概述》、《中华民族精神刍议》等文章。 |
| ● |
| 相关链接 |
|
|
|
|
正题名:中国古代哲学与传统文化
索取号:B215/JY253
 
预约/预借
| 序号 | 登录号 | 条形码 | 馆藏地/架位号 | 状态 | 备注 |
| 1 | 7836504 | 278365047 | 学院路分馆/ [索取号:B215/JY253] | 在馆 |